| 000 | 01250nam a2200325 4500 | ||
|---|---|---|---|
| 003 | EG-GICUC | ||
| 005 | 20260121101345.0 | ||
| 008 | 251125s1936 ua ||||fr|||| 00| 0 ara d | ||
| 040 |
_a EG-GICUC _bara _c EG-GICUC _d EG-GICUC _erda |
||
| 041 | 1 |
_aara _heng |
|
| 082 | 0 | 4 |
_221 _a341.66 _bر م . ن |
| 092 | 0 | 4 | _221 |
| 099 | _aLaw1 11 341.66 ر م . ن 1936 | ||
| 100 | 0 |
_a رمزى ميور _eمؤلف. |
|
| 245 | 1 | 2 |
_aالنتائج السياسية للحرب العظمى / _cتأليف رمزى ميور ؛ ترجمه الى العربية محمد بدران. |
| 264 | 1 |
_aالقاهرة : _bلجنة التاليف و الترجمة و النشر، _c1936. |
|
| 300 |
_a375 صفحة ; _c24 سم. |
||
| 336 |
_2rda content _atext |
||
| 337 |
_2rda media _aComputer |
||
| 338 |
_2rda carrier _aOnline Resource |
||
| 490 | _3سلسلة المعارف العامة. | ||
| 504 | _a. 240-220 ببليوجرافيا: صفحات. | ||
| 650 | 1 |
_aنهاية الحرب _x قانون دولي _2qrmak |
|
| 650 | 1 | _aالحرب العالمية الثانية | |
| 651 | 1 | _2qrmak | |
| 700 |
_aمحمد بدران _eمترجم. |
||
| 856 | 4 | 0 | _uhttps://fll.law.cu.edu.eg/fulltext/bks/B11-06081.pdf |
| 905 |
_a75 _eYara |
||
| 942 |
_2ddc _n0 _cBK _e21 |
||
| 999 |
_c46045 _d46045 |
||